| 000 | 01289cam a22002175a 4500 | ||
|---|---|---|---|
| 001 | L160234 | ||
| 008 | 190510s2019 xxk f 000 0 eng d | ||
| 035 | _a(Sirsi) u160234 | ||
| 041 | 0 | _aeng | |
| 110 | 2 |
_aUnited Kingdom _bMinistry of Housing, Communities and Local Government |
|
| 245 | 0 | 0 |
_aTenant Fees Act 2019 _bGuidance for landlords and letting agents _h _electronic resource] |
| 260 |
_aLondon _cHMSO _b2019 |
||
| 520 | _aOffers guidance to landlords and tenants on what payments tenants can be asked to pay in connection with taking out a tenancy in the private rented sector. These include rent, a refundable tenancy deposit capped at 5 weeks rent and a refundable holdng deposit capped at a weeks rent, payments to change the tenancy, payments in respect of utilities, council tax and television licence. Any other fees are considered as prohibited payments banned under the Act. | ||
| 590 | _aNTK | ||
| 650 | 2 | 4 | _aTENANT FEES ACT 2019 |
| 651 | 4 | _aENGLAND AND WALES | |
| 690 |
_aResidential property _96266 |
||
| 690 |
_aLeasing/Letting _96253 |
||
| 856 | 4 | 0 |
_uhttps://https://assets.publishing.service.gov.uk/government/uploads/system/uploads/attachment_data/file/791273/TFA_Guidance_for_LandlordsAgents.pdf _zView the item free of charge from the www.gov.uk. |
| 942 | _n0 | ||
| 999 |
_c116287 _d116287 |
||